000 00615nam a2200229Ia 4500
003 OSt
005 20221007064827.0
006 a|||||r|||| 00| 0
007 ta
008 221006b |||||||| |||| 00| 0 eng d
024 _a28,761
037 _cTextual
040 _aFLL
_cFLL
_beng
041 _2eng
_aeng
082 _aZ(Q2), L6
100 _aAiyer Sir P.S. Sivaswamy
_9685935
245 0 _aEvolution of hindu moral ideals
260 _aDelhi
_bNag Publishers India
_c1976
300 _a242p
_ccm.
942 _hZ(Q2), L6
_cTEXL
_2CC
999 _c1135473
_d1135473